Foreign trade of Japan 1969

Đã lưu trong:
Bibliografiske detaljer
Format: Bog
Sprog:Undetermined
Udgivet: Tokyo Japan External Trade Organization 1969
Fag:
Tags: Tilføj Tag
Ingen Tags, Vær først til at tagge denne postø!
Thư viện lưu trữ: Trung tâm Học liệu Trường Đại học Cần Thơ
LEADER 00457nam a2200169Ia 4500
001 CTU_105489
008 210402s9999 xx 000 0 und d
082 |a 382.0952 
082 |b F715/1969 
245 0 |a Foreign trade of Japan 1969 
260 |a Tokyo 
260 |b Japan External Trade Organization 
260 |c 1969 
650 |a Balance of payments 
650 |z Japan 
904 |i Tuyến 
980 |a Trung tâm Học liệu Trường Đại học Cần Thơ